000 00310nam a2200109Ia 4500
008 210430s9999 xx 000 0 und d
082 _a620.1 N139M
100 _aMusaddiq.M.H,M.Naeem,Naseem M.Rafique
245 _aMechanics
_cMusaddiq.M.H,M.Naeem,Naseem M.Rafique
260 _aLahore
_c1971
942 _cBK
_2ddc
999 _c565571
_d565571